书目信息 |
| 题名: |
邓小平理论和“三个代表”重要思想概论
|
|
| 作者: | 陈占安 主编 | |
| 分册: | ||
| 出版信息: | 北京 中央广播电视大学出版社 2003.10 |
|
| 页数: | 269页 | |
| 开本: | 24cm | |
| 丛书名: | 教育部人才培养模式改革和开放教育试点教材 | |
| 单 册: | ||
| 中图分类: | D26 , A849 | |
| 科图分类: | ||
| 主题词: | 邓小平理论--deng xiao ping li lun--概论--高等院校--教材 , “三个代表”思想--“ san ge dai biao ” si xiang--高等院校--教材 | |
| 电子资源: | ||
| ISBN: | 978-7-304-02518-2 | |
| 000 | 01497nam 2200301 450 | |
| 001 | CAL 012004060480 | |
| 005 | 20110302181638.31 | |
| 010 | @a978-7-304-02518-2@dCNY24.00 (含光盘) | |
| 010 | @a7-7995-0835-3@b光盘 | |
| 099 | @aCAL 012004060480 | |
| 100 | @a20040422d2003 ekmy0chiy0120 ea | |
| 101 | 0 | @achi |
| 102 | @aCN@b110000 | |
| 105 | @ay z 000yy | |
| 200 | 1 | @a邓小平理论和“三个代表”重要思想概论@ADeng Xiao Ping Li Lun He“ San Ge Dai Biao” Zhong Yao Si Xiang Gai Lun@f主编陈占安@Fzhu bian chen zhan an |
| 210 | @a北京@c中央广播电视大学出版社@d2003.10 | |
| 215 | @a269页@d24cm@e光盘1片 | |
| 225 | 2 | @a教育部人才培养模式改革和开放教育试点教材@Ajiao yu bu ren cai pei yang mo shi gai ge he kai fang jiao yu shi dian jiao cai |
| 330 | @a本书共由十三章组成。其中,第一、二章分别总述邓小平理论和“三个代表”重要思想的形成条件、发展过程、基本内容、历史地位和指导意义。从第三章到第十三章,分别讲述邓小平理论和“三个代表”重要思想在党的思想路线、社会主义本质、基本国情、改革开放的基本国策,以及党在经济建设、政治建设、文化建设、祖国统一、国际战略和党的建设等各个方面的基本理论和基本政策。 | |
| 410 | 0 | @12001 @a教育部人才培养模式改革和开放教育试点教材 |
| 606 | 0 | @a邓小平理论@Adeng xiao ping li lun@x概论@x高等院校@j教材 |
| 606 | 0 | @a“三个代表”思想@A“ san ge dai biao ” si xiang@x高等院校@j教材 |
| 690 | @aD26@v4 | |
| 690 | @aA849@v4 | |
| 701 | 0 | @a陈占安@AChen Zhan An@4主编 |
| 801 | 0 | @aCN@b北京图书大厦@c20110302 |
| 905 | @aZUCC@dA849@eC6501@f3 | |
| 998 | @aPUL | |
| 邓小平理论和“三个代表”重要思想概论/主编陈占安.-北京:中央广播电视大学出版社,2003.10 |
| 269页;24cm+光盘1片.-(教育部人才培养模式改革和开放教育试点教材) |
| ISBN 978-7-304-02518-2:CNY24.00 (含光盘) |
| 本书共由十三章组成。其中,第一、二章分别总述邓小平理论和“三个代表”重要思想的形成条件、发展过程、基本内容、历史地位和指导意义。从第三章到第十三章,分别讲述邓小平理论和“三个代表”重要思想在党的思想路线、社会主义本质、基本国情、改革开放的基本国策,以及党在经济建设、政治建设、文化建设、祖国统一、国际战略和党的建设等各个方面的基本理论和基本政策。 |
| ● |
| 相关链接 |
|
|
|
正题名:邓小平理论和"三个代表"重要思想概论
索取号:A849/C6501
 
预约/预借
| 序号 | 登录号 | 条形码 | 馆藏地/架位号 | 状态 | 备注 |
| 1 | 1192660 | 211926601 | 社科库509/509社科库 5排3列2层/ [索取号:A849/C6501] | 在馆 | |
| 2 | 1192661 | 211926610 | 社科库509/509社科库 5排3列2层/ [索取号:A849/C6501] | 在馆 | |
| 3 | 1192662 | 211926629 | 社科库509/509社科库 5排3列2层/ [索取号:A849/C6501] | 在馆 |